[Event "4NCL Division 2b"]
[Site "Northampton, ENG"]
[Date "2017.02.11"]
[Round "5.67"]
[White "Shaw, Peter"]
[Black "Anilkumar, Anantha P"]
[Result "0-1"]
[WhiteElo "2093"]
[BlackElo "1878"]
[PlyCount "70"]
[EventDate "2017.02.11"]
[WhiteTeam "White Rose 2"]
[BlackTeam "KJCA Kings"]

1. d4 Nf6 2. c4 g6 3. Nc3 d5 4. cxd5 Nxd5 5. Bd2 Bg7 6. e4 Nxc3 7. Bxc3 O-O 8.
h3 c5 9. d5 Qd6 10. Nf3 Nd7 11. Be2 e6 12. O-O exd5 13. Qxd5 Qxd5 14. exd5 Nb6
15. Bxg7 Kxg7 16. Rfd1 Rd8 17. d6 Be6 18. b3 Nd5 19. Rac1 Rac8 20. Ne5 Rxd6 21.
Bf3 Rdd8 22. Rd2 Nb4 23. Rxd8 Rxd8 24. Rxc5 Nxa2 25. Rc7 b5 26. Rxa7 Bxb3 27.
Rb7 Bc4 28. Rc7 Be6 29. Rb7 b4 30. g4 b3 31. g5 Nc3 32. Ng4 Rd2 33. Nf6 b2 34.
Be4 Nxe4 35. Nxe4 Rd1+ 0-1

[Event "4NCL Division 2b"]
[Site "Northampton, ENG"]
[Date "2017.02.11"]
[Round "5.68"]
[White "Jamroz, Viktor"]
[Black "Burnett, Jim"]
[Result "0-1"]
[WhiteElo "1721"]
[BlackElo "2096"]
[PlyCount "74"]
[EventDate "2017.02.11"]
[WhiteTeam "KJCA Kings"]
[BlackTeam "White Rose 2"]

1. e4 e6 2. d4 d5 3. e5 c5 4. c3 Nc6 5. Nf3 Bd7 6. Be2 f6 7. O-O fxe5 8. Nxe5
Nxe5 9. dxe5 Qc7 10. Bh5+ g6 11. Bf3 O-O-O 12. Bg5 Re8 13. Re1 Bg7 14. Bf4 Ne7
15. c4 d4 16. Na3 Rhf8 17. Qd2 Rf5 18. Bg4 Bxe5 19. Bxe5 Rxe5 20. Qh6 Nf5 21.
Qxh7 Rxe1+ 22. Rxe1 Qf4 23. Qxg6 Qd2 24. Rb1 a6 25. Qf6 Qf4 26. Bf3 b6 27. Rd1
Kc7 28. Re1 e5 29. Nb1 e4 30. Bh5 Re6 31. Qf7 Qg5 32. g4 Nh6 33. Qh7 Nxg4 34.
Bxg4 Qxg4+ 35. Kf1 Rg6 36. Qe7 Qh3+ 37. Ke2 Qd3# 0-1

[Event "4NCL Division 2b"]
[Site "Northampton, ENG"]
[Date "2017.02.11"]
[Round "5.71"]
[White "Wall, Gavin"]
[Black "Pitcher, John"]
[Result "1/2-1/2"]
[WhiteElo "2343"]
[BlackElo "2222"]
[PlyCount "80"]
[EventDate "2017.02.11"]
[WhiteTeam "Guildford 3"]
[BlackTeam "Warwickshire Select 1"]

1. e4 c5 2. Nf3 e6 3. c3 d5 4. e5 d4 5. Bd3 Bd7 6. Be4 Bc6 7. d3 Ne7 8. O-O Ng6
9. Re1 Be7 10. cxd4 cxd4 11. Nbd2 O-O 12. Nb3 Bxe4 13. Rxe4 Nc6 14. Qe2 Qb6 15.
h4 Rfd8 16. h5 Nf8 17. Rg4 Qb5 18. Bh6 g6 19. Nbxd4 Nxd4 20. Rxd4 Rxd4 21. Nxd4
Qd5 22. Nf3 Rc8 23. b3 gxh5 24. Bg5 Bxg5 25. Nxg5 h6 26. Nf3 Ng6 27. Qe3 Kg7
28. d4 b5 29. Rc1 Rxc1+ 30. Qxc1 Qe4 31. Qd2 h4 32. Ne1 Nf4 33. Kh2 Nd5 34. Nc2
a5 35. Ne3 Qf4+ 36. Kh3 Qg5 37. Kh2 Qf4+ 38. Kh3 a4 39. bxa4 bxa4 40. Nc4 Qxd2
1/2-1/2

[Event "4NCL Division 2b"]
[Site "Northampton, ENG"]
[Date "2017.02.11"]
[Round "5.72"]
[White "Thomas, Nicholas"]
[Black "Kalaiyalahan, Akshaya"]
[Result "0-1"]
[WhiteElo "2244"]
[BlackElo "2252"]
[PlyCount "90"]
[EventDate "2017.02.11"]
[WhiteTeam "Warwickshire Select 1"]
[BlackTeam "Guildford 3"]

1. e4 c5 2. Nc3 Nc6 3. g3 g6 4. Bg2 Bg7 5. d3 d6 6. f4 e6 7. Nf3 Nge7 8. O-O
O-O 9. Be3 b6 10. Qd2 Ba6 11. Rfd1 Rc8 12. Bf2 Qc7 13. a4 Rfd8 14. Nb5 Qd7 15.
c4 Bb7 16. Bh3 a6 17. Nc3 Na5 18. Qc2 Qc7 19. Ng5 h6 20. Nxe6 fxe6 21. Bxe6+
Kh8 22. Bxc8 Bxc8 23. Nd5 Qb7 24. d4 Nec6 25. dxc5 bxc5 26. Rab1 Nb3 27. Rd3
Nbd4 28. Qd1 a5 29. Kg2 Qd7 30. g4 Qxg4+ 31. Qxg4 Bxg4 32. Nc3 Be6 33. Nd5 Rb8
34. Be1 Ne2 35. Kf3 Ned4+ 36. Kg2 Rf8 37. Bd2 Kh7 38. Rf1 Bg4 39. Rf2 Be2 40.
Rc3 Bd1 41. Ra3 Bc2 42. Nc3 Bd3 43. b3 Nc2 44. Ra2 N2b4 45. Rb2 Bd4 0-1

[Event "4NCL Division 2b"]
[Site "Northampton, ENG"]
[Date "2017.02.11"]
[Round "5.73"]
[White "Osborne, Marcus E"]
[Black "Mason, Donald J"]
[Result "0-1"]
[WhiteElo "2229"]
[BlackElo "2137"]
[PlyCount "67"]
[EventDate "2017.02.11"]
[WhiteTeam "Guildford 3"]
[BlackTeam "Warwickshire Select 1"]

1. c4 g6 2. e4 Bg7 3. d4 d6 4. Nc3 Nf6 5. Nf3 O-O 6. Be2 e5 7. d5 a5 8. Bg5 h6
9. Be3 Na6 10. Nd2 Nd7 11. g4 Ndc5 12. Nf1 f5 13. gxf5 gxf5 14. exf5 Bxf5 15.
Ng3 Bg6 16. Bh5 Nd3+ 17. Kf1 Nxb2 18. Qg4 Bd3+ 19. Kg2 Nxc4 20. Bc1 Nc5 21.
Nge4 Nxe4 22. Nxe4 Qc8 23. Qh4 Rf4 24. Bxf4 Bxe4+ 25. f3 exf4 26. Rae1 Bxd5 27.
Rhg1 Qf8 28. Kh1 Ne5 29. Qh3 Qf6 30. Rg2 Kh8 31. Rd2 c6 32. Kg1 Rg8 33. Kf2 Be6
34. Bg4 {Unable to read scoresheet.} 0-1

[Event "4NCL Division 2b"]
[Site "Northampton, ENG"]
[Date "2017.02.11"]
[Round "5.74"]
[White "Stepanyan, Henrik"]
[Black "Granat, Russell G"]
[Result "1-0"]
[WhiteElo "2192"]
[BlackElo "2212"]
[PlyCount "73"]
[EventDate "2017.02.11"]
[WhiteTeam "Warwickshire Select 1"]
[BlackTeam "Guildford 3"]

1. d4 d5 2. c4 Bf5 3. cxd5 Bxb1 4. Qa4+ c6 5. Rxb1 Qxd5 6. Nf3 Nd7 7. e3 Ngf6
8. b4 e6 9. Qc2 Be7 10. Bc4 Qh5 11. O-O O-O 12. Be2 Qg6 13. Bd3 Qh5 14. e4 Rfc8
15. Bf4 h6 16. Rb3 g5 17. Bg3 Bf8 18. Nd2 Re8 19. f4 gxf4 20. Rxf4 Kh8 21. Nf3
Ng8 22. e5 Be7 23. Bh4 Bg5 24. g4 Bxf4 25. gxh5 Ne7 26. Be4 Rac8 27. Bg3 Nd5
28. Bxd5 cxd5 29. Rc3 Be3+ 30. Kf1 Nb6 31. Rc5 Nc4 32. Ke2 b6 33. Rxc8 Rxc8 34.
Bh4 Bf4 35. Bf6+ Kg8 36. Qd1 Be3 37. Qf1 1-0

[Event "4NCL Division 2b"]
[Site "Northampton, ENG"]
[Date "2017.02.11"]
[Round "5.76"]
[White "Baruch, Andrew J D"]
[Black "Shepley, Julien M"]
[Result "1/2-1/2"]
[WhiteElo "2098"]
[BlackElo "1992"]
[PlyCount "88"]
[EventDate "2017.02.11"]
[WhiteTeam "Warwickshire Select 1"]
[BlackTeam "Guildford 3"]

1. g3 d5 2. c4 e6 3. Bg2 Nf6 4. Nf3 Be7 5. O-O O-O 6. b3 b6 7. Bb2 Bb7 8. d3 c5
9. e3 Nc6 10. Nbd2 Nb4 11. Ne5 Qc7 12. a3 Nc6 13. Ng4 Nxg4 14. Qxg4 Ne5 15. Qe2
Bf6 16. cxd5 exd5 17. d4 Nd7 18. Rac1 Rfe8 19. Nf3 Rad8 20. Rfd1 Qb8 21. Bh3
cxd4 22. Bxd4 Ne5 23. Nxe5 Bxe5 24. Bg2 Qd6 25. Qb2 Kf8 26. b4 Bxd4 27. Qxd4
Qe5 28. a4 Re7 29. Qxe5 Rxe5 30. Rd4 Ke7 31. e4 Rc8 32. Rxc8 Bxc8 33. f4 Re6
34. e5 Bb7 35. b5 f6 36. Bxd5 fxe5 37. fxe5 Bxd5 38. Rxd5 Rg6 39. Rd4 Rg5 40.
Rc4 Kd8 41. Re4 Ke7 42. Kf2 Ke6 43. Rc4 Rf5+ 44. Kg2 Rf7 1/2-1/2

[Event "4NCL Division 2b"]
[Site "Northampton, ENG"]
[Date "2017.02.11"]
[Round "5.77"]
[White "Punnett, Alan K"]
[Black "Hynes, Anthony M"]
[Result "0-1"]
[WhiteElo "2039"]
[BlackElo "2102"]
[PlyCount "124"]
[EventDate "2017.02.11"]
[WhiteTeam "Guildford 3"]
[BlackTeam "Warwickshire Select 1"]

1. e4 e5 2. Nf3 Nc6 3. d4 exd4 4. Nxd4 Nf6 5. Nxc6 bxc6 6. e5 Qe7 7. Qe2 Nd5 8.
c4 Ba6 9. b3 O-O-O 10. Qe4 Nf6 11. Qe2 Nd5 12. Bb2 Re8 13. Nd2 f6 14. Qe4 Nb6
15. Bd3 fxe5 16. O-O g6 17. a4 Kb8 18. a5 Nc8 19. c5 Bxd3 20. Qxd3 Qxc5 21.
Qxd7 Bh6 22. Nc4 Rd8 23. Qg4 Bg7 24. Rac1 Qb5 25. Rfe1 Rhe8 26. Qg3 Rd5 27. Qc3
Bh6 28. Ne3 Rd3 29. Qxc6 Qxc6 30. Rxc6 Rxb3 31. Nc4 Nd6 32. Nxd6 cxd6 33. Bc1
Rb1 34. Kf1 Rxc1 35. Rexc1 Bxc1 36. Rxc1 Rc8 37. Rb1+ Kc7 38. Ke2 Rb8 39. Rc1+
Kd7 40. Rc2 Rb4 41. Kf3 h6 42. g3 Rb5 43. Ra2 Kc6 44. h4 h5 45. Ra3 Rb4 46.
Rc3+ Kb7 47. Rd3 Rd4 48. Rxd4 exd4 49. g4 hxg4+ 50. Kxg4 Kc6 51. a6 Kd5 52. Kf3
Kc4 53. Ke2 Kc3 54. Kd1 Kd3 55. f4 Ke4 56. Kd2 Kxf4 57. Kd3 Ke5 58. Kd2 Ke4 59.
Kc2 d3+ 60. Kd2 Kd4 61. Ke1 Ke3 62. Kd1 d2 0-1

[Event "4NCL Division 2b"]
[Site "Northampton, ENG"]
[Date "2017.02.11"]
[Round "5.78"]
[White "Phillips, David"]
[Black "Stimpson, Philip M"]
[Result "1/2-1/2"]
[WhiteElo "1787"]
[BlackElo "1934"]
[PlyCount "55"]
[EventDate "2017.02.11"]
[WhiteTeam "Warwickshire Select 1"]
[BlackTeam "Guildford 3"]

1. Nf3 c5 2. b3 Nf6 3. Bb2 e6 4. e3 Nc6 5. c4 Be7 6. Be2 O-O 7. O-O d5 8. d4
cxd4 9. Nxd4 Nxd4 10. Bxd4 dxc4 11. Bxc4 Qc7 12. Nd2 e5 13. Rc1 Qd6 14. Bc5
Qxc5 15. Bxf7+ Rxf7 16. Rxc5 Bxc5 17. Nc4 Be6 18. Nxe5 Rff8 19. Qe2 Rad8 20.
Rd1 Bb6 21. Rxd8 Rxd8 22. Nc4 Bc5 23. h3 Ne4 24. Kh2 a6 25. Qh5 b6 26. Qh4 Nf6
27. Qf4 b5 28. Qe5 1/2-1/2

[Event "4NCL Division 2b"]
[Site "Northampton, ENG"]
[Date "2017.02.11"]
[Round "5.81"]
[White "Greet, Andrew N"]
[Black "Jones, Steven A"]
[Result "1-0"]
[WhiteElo "2447"]
[BlackElo "2157"]
[PlyCount "45"]
[EventDate "2017.02.11"]
[WhiteTeam "Alba"]
[BlackTeam "Bradford DCA Knights A"]

1. d4 Nf6 2. c4 g6 3. g3 Bg7 4. Bg2 O-O 5. Nc3 d6 6. Nf3 Nc6 7. O-O Rb8 8. Bf4
a6 9. Rc1 Bd7 10. Qd2 Re8 11. Rfd1 Bg4 12. b3 Bxf3 13. Bxf3 Nxd4 14. Qxd4 e5
15. Bxe5 Rxe5 16. Qxe5 dxe5 17. Rxd8+ Rxd8 18. Bxb7 Bf8 19. Rc2 a5 20. Nb5 Bc5
21. e3 Ne8 22. Bc6 Nd6 23. Nxd6 1-0

[Event "4NCL Division 2b"]
[Site "Northampton, ENG"]
[Date "2017.02.11"]
[Round "5.82"]
[White "Bak, Andrew"]
[Black "Sreeves, Clement"]
[Result "0-1"]
[WhiteElo "2041"]
[BlackElo "2380"]
[PlyCount "90"]
[EventDate "2017.02.11"]
[WhiteTeam "Bradford DCA Knights A"]
[BlackTeam "Alba"]

1. d4 Nf6 2. Nf3 g6 3. Nc3 d5 4. Bf4 Bg7 5. Qd2 Ne4 6. Nxe4 dxe4 7. Ne5 Be6 8.
e3 Nd7 9. Nxd7 Qxd7 10. c4 c5 11. d5 Bf5 12. Be2 h5 13. Rd1 O-O 14. O-O Qa4 15.
b3 Qa3 16. f3 a5 17. fxe4 Bxe4 18. Bf3 Bxf3 19. Rxf3 a4 20. e4 axb3 21. Rxb3
Qxa2 22. Qxa2 Rxa2 23. Rxb7 Bd4+ 24. Kh1 e5 25. Bg5 f6 26. Bh6 Rf7 27. Rb8+ Kh7
28. Bf8 f5 29. Rf1 Rf2 30. Rxf2 Bxf2 31. d6 fxe4 32. Be7 e3 33. Rb2 Bh4 34. Kg1
Bxe7 35. dxe7 Rxe7 36. Rb3 Kg7 37. Rxe3 e4 38. Kf2 Kf6 39. Re1 Re5 40. Ke3 Rg5
41. g3 Re5 42. h4 Kf5 43. Rf1+ Kg4 44. Rg1 Re6 45. Kf2 e3+ 0-1

[Event "4NCL Division 2b"]
[Site "Northampton, ENG"]
[Date "2017.02.11"]
[Round "5.83"]
[White "Berry, Neil"]
[Black "Nicholson, Jim W R"]
[Result "1-0"]
[WhiteElo "2291"]
[BlackElo "2020"]
[PlyCount "83"]
[EventDate "2017.02.11"]
[WhiteTeam "Alba"]
[BlackTeam "Bradford DCA Knights A"]

1. d4 d5 2. c4 c6 3. Nf3 Nf6 4. Nc3 dxc4 5. a4 Bf5 6. Ne5 Nbd7 7. Nxc4 Nb6 8.
Ne5 a5 9. h4 h6 10. e4 Bh7 11. f3 Nfd7 12. Nd3 e6 13. Be3 Bd6 14. Bf2 Qc7 15.
Qb3 Bg3 16. O-O-O Bxf2 17. Nxf2 O-O-O 18. Be2 Rhe8 19. Nd3 f5 20. e5 Nd5 21.
Nxd5 exd5 22. Nf4 Nf8 23. h5 Ne6 24. Nxe6 Rxe6 25. f4 Ree8 26. Kb1 Kb8 27. Rc1
Ka7 28. Rh3 Bg8 29. Rhc3 Qb6 30. Qd1 Rc8 31. Rc5 Kb8 32. R1c3 Be6 33. Rb3 Qc7
34. Qd2 Rcd8 35. Rxa5 Bc8 36. Qb4 Rd7 37. Qc5 b6 38. Rxb6+ Bb7 39. Ba6 Qc8 40.
Bxb7 Rxb7 41. Rxc6 Qd8 42. Rca6 1-0

[Event "4NCL Division 2b"]
[Site "Northampton, ENG"]
[Date "2017.02.11"]
[Round "5.84"]
[White "Jennings, Roger W"]
[Black "Findlay, David John"]
[Result "0-1"]
[WhiteElo "2038"]
[BlackElo "2176"]
[PlyCount "68"]
[EventDate "2017.02.11"]
[WhiteTeam "Bradford DCA Knights A"]
[BlackTeam "Alba"]

1. g3 d5 2. Bg2 e5 3. d3 Nf6 4. Nf3 Nc6 5. O-O Be7 6. b3 O-O 7. Bb2 e4 8. dxe4
Nxe4 9. Nbd2 Bf5 10. c4 Bf6 11. Bxf6 Qxf6 12. cxd5 Nc3 13. Qe1 Nb4 14. Rc1
Nbxa2 15. Ra1 Nb4 16. Rc1 Nc2 17. Rxc2 Bxc2 18. Kh1 Nxd5 19. e4 Rfe8 20. e5 Qb6
21. Ng5 Rad8 22. Qc1 Bd3 23. Re1 h6 24. Ngf3 Qxf2 25. Nc4 Qc2 26. Na5 Qxc1 27.
Rxc1 Ba6 28. Bh3 c6 29. e6 fxe6 30. Nd4 Nc7 31. Ndxc6 bxc6 32. Nxc6 Bb7 33. Kg1
Bxc6 34. Rxc6 Re7 0-1

[Event "4NCL Division 2b"]
[Site "Northampton, ENG"]
[Date "2017.02.11"]
[Round "5.85"]
[White "Shafi, Declan"]
[Black "Bak, Christopher"]
[Result "0-1"]
[WhiteElo "2006"]
[BlackElo "2018"]
[PlyCount "132"]
[EventDate "2017.02.11"]
[WhiteTeam "Alba"]
[BlackTeam "Bradford DCA Knights A"]

1. d4 d5 2. c4 Nc6 3. Nc3 dxc4 4. d5 Ne5 5. Nf3 Nxf3+ 6. exf3 e5 7. Bxc4 Bd6 8.
O-O Ne7 9. Ne4 O-O 10. Bd2 Qd7 11. b4 c6 12. dxc6 Nxc6 13. Bc3 Bxb4 14. Bxb4
Nxb4 15. Qc1 Qe7 16. Rd1 Be6 17. Bxe6 fxe6 18. Qb2 Nc6 19. Rab1 b6 20. Qb5 Rac8
21. Rd6 Na5 22. Qxe5 Rfe8 23. Qb5 Red8 24. Rbd1 Rxd6 25. Nxd6 Rd8 26. Qd3 Nb7
27. Nf5 exf5 28. Qc4+ Qf7 29. Rxd8+ Nxd8 30. Qc8 Qe7 31. h3 g6 32. Qc4+ Qe6 33.
Qc7 Nf7 34. Qxa7 Kg7 35. Qa4 Qe5 36. f4 Qe1+ 37. Kh2 Qxf2 38. Qb4 Qe3 39. a4
Qc5 40. Qb2+ Kh6 41. Qf6 Qc4 42. Kg3 Qb3+ 43. Kh4 Qxa4 44. g4 Qb4 45. Kg3 Qe1+
46. Kf3 Qe4+ 47. Kg3 Qe3+ 48. Kg2 Qxf4 49. Qxf7 Qe4+ 50. Kf2 fxg4 51. hxg4 Qxg4
52. Qb7 b5 53. Qh1+ Kg5 54. Ke3 Qf4+ 55. Kd3 Qc4+ 56. Ke3 Qc3+ 57. Ke2 Qc4+ 58.
Ke3 h5 59. Qh2 Qe6+ 60. Kd3 h4 61. Kd4 Qg4+ 62. Kc5 b4 63. Qd2+ Kh5 64. Kd6 h3
65. Qh2 Kh4 66. Qb2 g5 0-1

[Event "4NCL Division 2b"]
[Site "Northampton, ENG"]
[Date "2017.02.11"]
[Round "5.86"]
[White "Gardiner, Eric D"]
[Black "Bamber, Elaine"]
[Result "0-1"]
[WhiteElo "1933"]
[BlackElo "2083"]
[PlyCount "80"]
[EventDate "2017.02.11"]
[WhiteTeam "Bradford DCA Knights A"]
[BlackTeam "Alba"]

1. d4 Nf6 2. Bg5 c5 3. Bxf6 gxf6 4. d5 Qb6 5. Qc1 f5 6. e3 Bg7 7. c3 d6 8. Ne2
Nd7 9. Nf4 Nf6 10. a4 O-O 11. Bc4 Qc7 12. O-O Bd7 13. Nd2 a6 14. a5 b5 15. axb6
Qxb6 16. Ra2 Rfe8 17. Qd1 Qc7 18. Nh5 Bb5 19. Nxf6+ Bxf6 20. Qb3 Rab8 21. Rfa1
Qd7 22. Bxb5 axb5 23. Ra7 Qc8 24. R1a5 b4 25. c4 f4 26. e4 Qg4 27. Nf3 Qg6 28.
Qc2 b3 29. Qe2 e6 30. h3 exd5 31. cxd5 Qxe4 32. Qd2 Qb1+ 33. Kh2 Qxb2 34. Qxf4
Be5 35. Nxe5 Qxe5 36. Qxe5 Rxe5 37. Ra8 Ree8 38. Rxb8 Rxb8 39. Ra1 b2 40. Rb1
c4 0-1

[Event "4NCL Division 2b"]
[Site "Northampton, ENG"]
[Date "2017.02.11"]
[Round "5.87"]
[White "White, Stuart A"]
[Black "Patrick, David A"]
[Result "1/2-1/2"]
[WhiteElo "2064"]
[BlackElo "1862"]
[PlyCount "81"]
[EventDate "2017.02.11"]
[WhiteTeam "Alba"]
[BlackTeam "Bradford DCA Knights A"]

1. d4 d5 2. c4 c6 3. cxd5 cxd5 4. Bf4 Nc6 5. e3 Nf6 6. Nc3 e6 7. Bd3 Bd6 8.
Bxd6 Qxd6 9. f4 Bd7 10. Nf3 Nb4 11. Bb1 Rc8 12. O-O g6 13. Ne5 Bc6 14. a3 Na6
15. Qf3 Nc7 16. Bd3 Na8 17. g4 Nb6 18. f5 exf5 19. gxf5 g5 20. Rad1 h5 21. Rfe1
Kf8 22. Re2 Re8 23. Rg2 Rg8 24. Bc2 Nbd7 25. Nxc6 bxc6 26. Re2 g4 27. Qg3 Qxg3+
28. hxg3 Kg7 29. Ba4 Nb8 30. Rde1 Kh6 31. e4 dxe4 32. Nxe4 Nxe4 33. Rxe4 Rxe4
34. Rxe4 Kg5 35. Bc2 Rd8 36. Re7 Kf6 37. Rxa7 Rxd4 38. a4 Nd7 39. Kf1 Ne5 40.
a5 Rd2 41. Be4 1/2-1/2

[Event "4NCL Division 2b"]
[Site "Northampton, ENG"]
[Date "2017.02.11"]
[Round "5.88"]
[White "Verma, Shlok"]
[Black "Grassie, Duncan"]
[Result "0-1"]
[WhiteElo "1451"]
[BlackElo "2069"]
[PlyCount "72"]
[EventDate "2017.02.11"]
[WhiteTeam "Bradford DCA Knights A"]
[BlackTeam "Alba"]

1. d4 Nf6 2. c4 g6 3. Nf3 Bg7 4. Nc3 d5 5. Bf4 O-O 6. e3 c6 7. cxd5 Nxd5 8.
Nxd5 cxd5 9. Be2 Nc6 10. O-O Qb6 11. Qd2 Bf5 12. Nh4 Bd7 13. Nf3 Rac8 14. Rac1
Rfe8 15. Rc5 a6 16. b3 e6 17. Bd6 Nxd4 18. exd4 Qxd6 19. Rxc8 Rxc8 20. Rc1
Rxc1+ 21. Qxc1 Qc6 22. Qxc6 Bxc6 23. Kf1 f6 24. Ke1 Kf7 25. Kd2 Ke7 26. Kc3 e5
27. Kb4 Kd6 28. Ka5 e4 29. Ne1 f5 30. Nc2 f4 31. Kb6 e3 32. f3 Bb5 33. Bxb5
axb5 34. Kxb5 e2 35. Kb4 Bxd4 36. Ne1 Bf2 0-1

[Event "4NCL Division 2b"]
[Site "Northampton, ENG"]
[Date "2017.02.11"]
[Round "5.75"]
[White "Emerson, Roger"]
[Black "Brooks, Phil J"]
[Result "1/2-1/2"]
[WhiteElo "2195"]
[BlackElo "2165"]
[PlyCount "25"]
[EventDate "2017.02.11"]
[WhiteTeam "Guildford 3"]
[BlackTeam "Warwickshire Select 1"]

1. c4 e6 2. Nc3 d5 3. d4 c6 4. e3 Nd7 5. Nf3 f5 6. Bd3 Nh6 7. Qc2 Bd6 8. cxd5
exd5 9. Bd2 Nf6 10. O-O-O Ne4 11. Be1 Qe7 12. Kb1 Bd7 13. h3 1/2-1/2

[Event "4NCL Division 2b"]
[Site "Northampton, ENG"]
[Date "2017.02.12"]
[Round "6.51"]
[White "Ortega, Irvin"]
[Black "Carleton, John J"]
[Result "1-0"]
[WhiteElo "2320"]
[BlackElo "2290"]
[PlyCount "121"]
[EventDate "2017.02.12"]
[WhiteTeam "Warwickshire Select 1"]
[BlackTeam "Spirit of Atticus A"]

1. d4 d5 2. c4 e6 3. Nc3 Bb4 4. Nf3 Nf6 5. e3 O-O 6. Bd3 Nc6 7. Qc2 Bd6 8. a3
dxc4 9. Bxc4 a6 10. O-O e5 11. dxe5 Nxe5 12. Nxe5 Bxe5 13. f3 Qe7 14. Bd3 c6
15. Ne2 Rd8 16. Rd1 Be6 17. Ng3 Rd7 18. Bd2 g6 19. Bb4 Bd6 20. Bxd6 Rxd6 21. e4
Rd4 22. Ne2 Rd7 23. Qc3 Rad8 24. b4 Nh5 25. Bc2 Qf6 26. Qxf6 Nxf6 27. Kf2 Rxd1
28. Rxd1 Rxd1 29. Bxd1 Nd7 30. Ke3 Kf8 31. Kd4 f6 32. Nc3 Ke7 33. f4 Kd6 34.
e5+ fxe5+ 35. fxe5+ Ke7 36. Be2 Bf5 37. Na4 h6 38. Nc5 Nxc5 39. bxc5 Bb1 40.
Bg4 Kd8 41. h4 Ba2 42. Be2 g5 43. hxg5 hxg5 44. Bg4 Bd5 45. g3 a5 46. e6 Ke7
47. Ke5 Bb3 48. Kf5 Bxe6+ 49. Kxg5 Bc4 50. Bf5 Kd8 51. Kf6 Kc7 52. g4 b6 53.
cxb6+ Kxb6 54. g5 Kc5 55. g6 Kd6 56. g7 Bg8 57. Bg6 a4 58. Bf7 Bh7 59. g8=Q
Bxg8 60. Bxg8 c5 61. Bc4 1-0

[Event "4NCL Division 2b"]
[Site "Northampton, ENG"]
[Date "2017.02.12"]
[Round "6.52"]
[White "Mitchell, Martin"]
[Black "Thomas, Nicholas"]
[Result "1/2-1/2"]
[WhiteElo "2207"]
[BlackElo "2244"]
[PlyCount "82"]
[EventDate "2017.02.12"]
[WhiteTeam "Spirit of Atticus A"]
[BlackTeam "Warwickshire Select 1"]

1. d4 e6 2. c4 Nf6 3. Nc3 Bb4 4. e3 c5 5. Nge2 cxd4 6. exd4 d5 7. c5 Nc6 8. a3
Bxc3+ 9. Nxc3 Ne4 10. Bd3 Nxc3 11. bxc3 e5 12. Qh5 e4 13. Bc2 Be6 14. Rb1 Qa5
15. Bd2 Qa6 16. Qe2 Qxe2+ 17. Kxe2 O-O-O 18. Bf4 Bd7 19. Bb3 Bg4+ 20. f3 exf3+
21. gxf3 Bf5 22. Rbg1 Na5 23. Ba2 Rhe8+ 24. Kd1 g6 25. Bg5 Rd7 26. Re1 Re6 27.
Rxe6 fxe6 28. Re1 Rf7 29. Ke2 Kd7 30. Rc1 Nc4 31. Bxc4 dxc4 32. Rd1 Bd3+ 33.
Ke3 Rf5 34. Bf4 Kc6 35. Rd2 b6 36. cxb6 axb6 37. Be5 Rf7 38. a4 Ra7 39. Ra2 Ra5
40. Bg7 Ra7 41. Bf8 Ra6 1/2-1/2

[Event "4NCL Division 2b"]
[Site "Northampton, ENG"]
[Date "2017.02.12"]
[Round "6.53"]
[White "Pitcher, John"]
[Black "House, Glenn L"]
[Result "1/2-1/2"]
[WhiteElo "2222"]
[BlackElo "2201"]
[PlyCount "36"]
[EventDate "2017.02.12"]
[WhiteTeam "Warwickshire Select 1"]
[BlackTeam "Spirit of Atticus A"]

1. e4 c5 2. Nc3 e6 3. g3 d5 4. exd5 exd5 5. Bg2 Nf6 6. d3 Be7 7. Nge2 d4 8. Ne4
Nxe4 9. dxe4 O-O 10. O-O Nc6 11. Nf4 c4 12. Qh5 a6 13. e5 g6 14. Qe2 Bf5 15.
Qxc4 Nxe5 16. Qd5 Nc6 17. c3 Bf6 18. Bd2 Re8 1/2-1/2

[Event "4NCL Division 2b"]
[Site "Northampton, ENG"]
[Date "2017.02.12"]
[Round "6.54"]
[White "Ivell, Nicholas W"]
[Black "Stepanyan, Henrik"]
[Result "1-0"]
[WhiteElo "2186"]
[BlackElo "2192"]
[PlyCount "66"]
[EventDate "2017.02.12"]
[WhiteTeam "Spirit of Atticus A"]
[BlackTeam "Warwickshire Select 1"]

1. e4 e5 2. Bc4 Nf6 3. d3 Nc6 4. Nf3 Be7 5. O-O O-O 6. Re1 d6 7. a4 Na5 8. Ba2
c5 9. Nbd2 Nc6 10. Nf1 a6 11. Ng3 Rb8 12. c3 b5 13. h3 Ne8 14. axb5 axb5 15. d4
cxd4 16. cxd4 Nxd4 17. Nxd4 exd4 18. Qxd4 Bf6 19. Qd3 Nc7 20. Bb1 g6 21. Rd1
Be6 22. Bh6 Bc4 23. Qc2 Ne6 24. Bxf8 Qxf8 25. Ba2 Nd4 26. Qd2 Rc8 27. Bxc4 bxc4
28. Ra2 Be5 29. Ne2 Nb3 30. Qc2 f5 31. exf5 gxf5 32. Ra4 Qf7 33. f4 Bg7 1-0

[Event "4NCL Division 2b"]
[Site "Northampton, ENG"]
[Date "2017.02.12"]
[Round "6.55"]
[White "Mason, Donald J"]
[Black "Jackson, Sheila"]
[Result "1/2-1/2"]
[WhiteElo "2137"]
[BlackElo "2136"]
[PlyCount "30"]
[EventDate "2017.02.12"]
[WhiteTeam "Warwickshire Select 1"]
[BlackTeam "Spirit of Atticus A"]

1. d4 Nf6 2. c4 e6 3. Nf3 d5 4. g3 Bb4+ 5. Bd2 Bxd2+ 6. Nbxd2 O-O 7. Bg2 c6 8.
O-O Nbd7 9. Qc2 Qe7 10. e4 dxe4 11. Nxe4 e5 12. Nxf6+ Qxf6 13. d5 cxd5 14. cxd5
Nb6 15. Rfe1 Nxd5 1/2-1/2

[Event "4NCL Division 2b"]
[Site "Northampton, ENG"]
[Date "2017.02.12"]
[Round "6.56"]
[White "Latham, David"]
[Black "Fallowfield, Jeremy R"]
[Result "1-0"]
[WhiteElo "2103"]
[BlackElo "2155"]
[PlyCount "95"]
[EventDate "2017.02.12"]
[WhiteTeam "Spirit of Atticus A"]
[BlackTeam "Warwickshire Select 1"]

1. d4 f5 2. c4 Nf6 3. Nc3 d6 4. g3 g6 5. Bg2 Bg7 6. Nf3 O-O 7. O-O c6 8. d5 Bd7
9. Qb3 Qb6 10. Be3 Qxb3 11. axb3 c5 12. Ng5 Rc8 13. Ra2 h6 14. Ne6 Bxe6 15.
dxe6 Nc6 16. Rfa1 a6 17. Na4 Rc7 18. Nb6 Rd8 19. Rd1 Nb4 20. Ra5 Rf8 21. Rd2
Ng4 22. Ra4 Nxe3 23. fxe3 Bf6 24. Nd7 Rd8 25. Nxf6+ exf6 26. Ra1 Kf8 27. e4
fxe4 28. Bxe4 f5 29. Bd5 Ke7 30. e4 Nc6 31. Rf1 Rf8 32. exf5 gxf5 33. Rdf2 Nd4
34. Kg2 a5 35. h3 Rg8 36. Kh2 Rg7 37. g4 fxg4 38. hxg4 b6 39. Rf7+ Ke8 40. Rf8+
Ke7 41. R1f7+ Rxf7 42. Rxf7+ Kd8 43. Rf8+ Ke7 44. Rh8 Nxe6 45. Rxh6 Nd4 46. g5
Rc8 47. Rh7+ Ke8 48. g6 1-0

[Event "4NCL Division 2b"]
[Site "Northampton, ENG"]
[Date "2017.02.12"]
[Round "6.57"]
[White "Brooks, Phil J"]
[Black "Bimpson, Tom"]
[Result "1-0"]
[WhiteElo "2165"]
[BlackElo "2099"]
[PlyCount "69"]
[EventDate "2017.02.12"]
[WhiteTeam "Warwickshire Select 1"]
[BlackTeam "Spirit of Atticus A"]

1. d4 d6 2. c4 e5 3. d5 f5 4. e4 fxe4 5. Nc3 Nf6 6. Nge2 Bf5 7. Ng3 Bg6 8. Bg5
Be7 9. h4 h6 10. Bxf6 gxf6 11. Be2 O-O 12. Bh5 Bh7 13. Qg4+ Kh8 14. Bg6 Rg8 15.
h5 f5 16. Qxf5 e3 17. fxe3 Nd7 18. Nce4 Rg7 19. O-O-O b5 20. c5 Nxc5 21. Nxc5
dxc5 22. Ne4 Qg8 23. Qxe5 Bd6 24. Nxd6 cxd6 25. Qxd6 Rd8 26. Qe5 b4 27. g4 Qf8
28. Rhf1 Qe7 29. Qxe7 Rxe7 30. d6 Rxe3 31. Bxh7 Kxh7 32. Rf7+ Kg8 33. Rxa7 c4
34. Re7 c3 35. Rxe3 1-0

[Event "4NCL Division 2b"]
[Site "Northampton, ENG"]
[Date "2017.02.12"]
[Round "6.58"]
[White "Ackley, Peter J E"]
[Black "Phillips, David"]
[Result "1-0"]
[WhiteElo "1993"]
[BlackElo "1787"]
[PlyCount "95"]
[EventDate "2017.02.12"]
[WhiteTeam "Spirit of Atticus A"]
[BlackTeam "Warwickshire Select 1"]

1. g3 e5 2. Bg2 Nc6 3. c4 Nf6 4. Nc3 Bc5 5. a3 a5 6. e3 O-O 7. Nge2 Re8 8. O-O
Ne7 9. d4 exd4 10. Nxd4 c6 11. b3 d5 12. cxd5 Nexd5 13. Nxd5 Nxd5 14. Bb2 Qg5
15. Qd3 Qh5 16. Rac1 Nf6 17. Ne2 Ng4 18. h3 Nxe3 19. Nf4 Qg5 20. h4 Qd8 21.
Rxc5 Qxd3 22. Nxd3 Nxf1 23. Bxf1 Be6 24. Rg5 g6 25. Nc5 Bf5 26. Bd3 h6 27. Rxf5
gxf5 28. Nd7 Re7 29. Nf6+ Kf8 30. Bxf5 Re2 31. Bc3 Ke7 32. Ng4 h5 33. Nf6 Rd8
34. Nxh5 Rd5 35. Nf4 Rd1+ 36. Kg2 Ra2 37. Bxa5 b6 38. Bxb6 Kf6 39. Bd3 Ke5 40.
a4 Rdd2 41. h5 Kd6 42. Be3 Rdb2 43. Bc4 Rc2 44. h6 Rxc4 45. h7 Rb4 46. h8=Q
Rxb3 47. Qf6+ Kc7 48. Qxf7+ 1-0